| 000 | 00496nam a22001577a 4500 | ||
|---|---|---|---|
| 999 |
_c534832 _d534832 |
||
| 020 | _qHard Cover | ||
| 082 | _a621.3678 | ||
| 100 | _aSafdar, Faryal | ||
| 245 |
_aOptimal Meeting Point Selection in Multi-user Pedestrian Navigation / _cFaryal Safdar. |
||
| 260 |
_aIslamabad. _bIGIS - NUST, _c2012. |
||
| 300 |
_a91 p. ill. ; _c30cm. |
||
| 942 |
_2ddc _cTHE |
||
| 650 |
_aMS Thesis GIR & RS. _929218 |
||
| 700 |
_aDr, Hamid Mehmood. _929219 |
||